| 000 | 00488nam a2200157 4500 | ||
|---|---|---|---|
| 001 | 137433 | ||
| 003 | ES-MaACL | ||
| 005 | 20230906195354.0 | ||
| 007 | t| | ||
| 008 | 070214s1958 sp r ||||1| spa d | ||
| 100 | 1 |
_aSánchez Aliseda, Casimiro. _9102445 |
|
| 245 | 1 | 0 |
_aPastoral de urgencia _b: (tónicos y sugerencias para el apostolado) / _cCasimiro Sánchez Aliseda. |
| 260 |
_aMadrid : _bEuramérica, _c1958. |
||
| 300 |
_a405 p. ; _c20 cm. |
||
| 852 |
_aES-MaACL _jC-14827 _bR.42786 |
||
| 999 |
_c137433 _d137433 |
||